Normal view
MARC view
- Lougheed, Lin,
Entry Personal Name
001 - CONTROL NUMBER
- control field: 82417
003 - CONTROL NUMBER IDENTIFIER
- control field: NUST
005 - DATE AND TIME OF LATEST TRANSACTION
- control field: 20210913123507.0
008 - FIXED-LENGTH DATA ELEMENTS
- fixed length control field: 210913|| aca||aabn | a|a d
040 ## - CATALOGING SOURCE
- Original cataloging agency: NUST
- Transcribing agency: NUST
100 ## - HEADING--PERSONAL NAME
- Personal name: Lougheed, Lin,
- Dates associated with a name: 1946-
670 ## - SOURCE DATA FOUND
- Source citation: Work cat.: (NUST)33023: Lougheed, Lin, 1946-, IELTS PRACTICE EXAMS /, c2011.
